000 00741nam a2200205 i 4500
001 162370
003 ES-MaACL
005 20230906212516.0
008 040927s1876 gw |||| | eng d
040 _aCAM
_bspa
_cCAM
100 1 _aPointer, Eleanor Frances.
_9131235
245 1 0 _aErsilia /
_cby the author of "My little lady".
260 _aLeipzig :
_bBernhard Tauchnitz,
_c1876.
300 _a2 v. (302 ; 287 p.) ;
_c16 cm.
490 1 _aCollection of british authors ;
_v1567 ; 1568
594 _aEncabezamiento tomado de la BLPC.
830 0 _aCollection of british authors ;
_v1567 ; 1568
_9180703
852 _aES-MaACL
_jG-12842
_z-- Enc. hol., conservando las cubs. originales
_z-- Enc. 2 t. en 1 v.
999 _c162370
_d162370